Top/Bottom 20 Countries by Road Fatalities - Statistics

General Stats
  • This quiz has been taken 548 times
  • The average score is 17 of 40
Answer Stats
Fatalities/100k ab (per year) ANSWER % Correct
3.5 United Kingdom
90%
3 Sweden
85%
4.3 Germany
84%
2.9 Norway
82%
4.9 France
81%
4.7 Finland
80%
4.8 Japan
75%
4.1 Spain
75%
3 Denmark
73%
3.8 Iceland
71%
3.9 Netherlands
67%
4.3 Switzerland
67%
3.5 Ireland
66%
31.9 South Africa
62%
33.7 Nigeria
61%
34.1 Iran
50%
31.5 Iraq
49%
5.1 Singapore
43%
38.1 Thailand
40%
0 San Marino
39%
25.1 Sudan
38%
3.3 Israel
37%
29.7 Chad
34%
40.5 Libya
30%
3.8 Malta
28%
37.2 Venezuela
27%
25 Namibia
24%
30.4 Oman
24%
28.9 Uganda
23%
28.4 Lesotho
20%
48.4 Eritrea
16%
28 Mauritania
16%
27 Ecuador
15%
27.7 Burkina Faso
13%
27.8 Guyana
13%
41.7 Dominican Republic
9%
31.2 Guinea-Bissau
9%
1.8 Federated States of Micronesia
7%
1.9 Maldives
7%
4.6 Saint Vincent and the Grenadines
5%
No matching quizzes found
Score Distribution
Percent of People with Each Score
Percentile by Number Answered
Your Score History
You have not taken this quiz